000 01622nam a22001577a 4500
999 _c522258
_d522258
008 230328b ||||| |||| 00| 0 eng d
100 _aCucca, Roberta and Ranci, Constanzo
_939125
245 _aUrban policy in times of crisis: The policy capacity of European cities and the role of multi-level governance
260 _aUrban Affairs Review
300 _a58(6), Nov, 2022: p.1493-1522
520 _aThis article investigates how the policy capacity of urban governments in Europe to deal with the social challenges caused by the 2008-2009 financial crisis, has been strongly shaped by the institutional multi-level governance (MLG) settings in which cities were embedded. We consider the financial crisis as an important ‘stress test’ for urban policy. Urban governments faced a highly complex, trilemmatic situation: they faced not only growing social and economic problems at the local level, but also a process of devolution of institutional responsibility from central to local governments, and important cuts in central funding. Our analysis is based on an empirical investigation carried out between 2009 and 2016 in six major European cities: Barcelona, Copenhagen, Lyon, Manchester, Milan, and Munich. What clearly emerges from the research is that European cities may still show a certain capacity to innovate and govern economic changes and social challenges only if supported by an enabling MLG system.- Reproduced
650 _aUrban policy, European cities, Multi-level governance, austerity, Policy capacity.
_936998
773 _aUrban Affairs Review
906 _aURBAN POLICY
942 _cAR